01016nam a22002657a 4500003000400000008004100004020001800045082001800063245009000081260005600171300001800227650002800245650002600273650005700299650003700356650004700393650002800440700001700468700001800485700002000503700001700523942001200540999001700552952018100569OSt260602b |||||||| |||| 00| 0 eng d a9789388020534 a664.028bC43R aRecent Trends and Advances in Food Science & Post Harvest TechnologycIvi Chakraborty aNew Delhi:bSatish Serial Publishing House, c2020. axxiii, 419 p. aPostharvest technology. aFood $x Preservation. aFood processing plants $x Technological innovations. aCrops $x Postharvest physiology. aFood science $x Technological innovations. aPostharvest technology. aIlahy, Riadh aVikram Balaji aO.J. Sujayasree aMani, Arghya 2ddccBK c52504d52504 00102ddc4070aRAUbRAUcGENd2026-06-30eInternational Books & Periodicals Supply ServicefINRg3950.00l0o664.028 C43Rp87135r2026-06-30w2026-01-29yBKkIBPS/021/2025-26